Normal view
MARC view
Entry Personal Name
001 - CONTROL NUMBER
- control field: 5002
003 - CONTROL NUMBER IDENTIFIER
- control field: dpl
005 - DATE AND TIME OF LATEST TRANSACTION
- control field: 20100803125457.0
008 - FIXED-LENGTH DATA ELEMENTS
- fixed length control field: 100803|||a|||||| | ||| d
040 ## - CATALOGING SOURCE
- Original cataloging agency: dpl
- Transcribing agency: dpl
100 ## - HEADING--PERSONAL NAME
- Personal name: Batura, M.L.
670 ## - SOURCE DATA FOUND
- Source citation: Work cat.: (dpl)1748: Batura, M.L., R. Gupta's digest for SSB interviews & psycho-intelligence tests including Special Commission Officers' (SCO) Cadre, (200?)
670 ## - SOURCE DATA FOUND
- Source citation: Work cat.: (dpl)1748: Batura, M.L., R. Gupta's digest for SSB interviews & psycho-intelligence tests including Special Commission Officers' (SCO) Cadre, (200?)
